| 000 | 00479nam a2200133Ia 4500 | ||
|---|---|---|---|
| 008 | 160809s9999 xx 000 0 und d | ||
| 100 | _aMichalak, Marcin. | ||
| 245 | _aApplication of Biclustering Technique in Machine Monitoring Full Text | ||
| 245 | _cMarcin Michalak, Silesian University of Technology, Poland | ||
| 260 | _bComputer Science and Information Technology | ||
| 260 | _cJanuary 2016 | ||
| 650 | _xINFORMATION TECHNOLOGY | ||
| 856 | _uhttp://airccse.org/V6N48.html | ||
| 999 |
_c300030 _d300030 |
||